[Event "South African op"]
[Site "Durban"]
[Date "2017.07.15"]
[Round "2"]
[White "Choko, Siyabonga V"]
[Black "Boleme, Reetsang William"]
[Result "1-0"]
[WhiteElo "1968"]
[BlackElo "1494"]
[PlyCount "75"]
[EventDate "2017.07.14"]
[EventType "swiss"]
[EventRounds "11"]
[EventCountry "RSA"]
[SourceTitle "EXT 2018"]
[Source "ChessBase"]
[SourceDate "2017.10.13"]
[SourceVersion "1"]
[SourceVersionDate "2017.10.13"]
[SourceQuality "1"]

1. e4 c5 2. Nc3 Nc6 3. f4 e6 4. Bc4 a6 5. a4 Nge7 6. Nf3 d5 7. Bb3 Nd4 8. d3 Nxb3 9. cxb3 Nc6 10. 0-0 Be7 11. e5 b6 12. Qe1 Nd4 13. Nxd4 cxd4 14. Ne2 Bc5 15. b4 Be7 16. Nxd4 Bb7 17. Bd2 Rc8 18. f5 exf5 19. Nxf5 0-0 20. Qg3 g6 21. Rf2 Rc2 22. Nxe7+ Qxe7 23. Bg5 Qc7 24. Bf6 Rc1+ 25. Rxc1 Qxc1+ 26. Rf1 Qd2 27. Qf3 Qxb4 28. Qe3 Re8 29. h4 Bc8 30. h5 Be6 31. hxg6 fxg6 32. Rf4 Qxb2 33. Rh4 Rc8 34. Kh2 Rc7 35. Bd8 Rb7 36. Qg5 Rf7 37. Bf6 b5 38. Qxg6+ 1-0